000 00479cam a2200181ua 4500
003 OSt
008 250820b |||||||| |||| 00| 0 eng d
020 _a81-204-0508-0
041 _aeng
082 _a627.52
_bSHA/TE
100 _aSharma, R.K .
245 _aText book of irrigation engineering: Irrigation and drainage, Vol I /
250 _a1 /
260 _a :
_bOxford & IBH Publishing company ,
_c1993.
300 _a333 ; .
700 1 _aSharma, T.K .
942 _cBK
999 _c1568
_d1568